| 000 | 01255 am a22003133u 4500 | ||
|---|---|---|---|
| 999 |
_c28778 _d28749 |
||
| 001 | 009036519 | ||
| 003 | EG-ScBUE | ||
| 005 | 20200922114636.0 | ||
| 008 | 750114t1974 nyua f b 001 0 eng d | ||
| 020 | _a0471508586 | ||
| 040 |
_aUk _beng _erda _cUk _dEG-ScBUE |
||
| 082 | 0 | 4 |
_a309.262018 _bKRU _222 |
| 100 | 1 |
_aKrueckeberg, Donald A. _q(Donald Allen), _d1938- _eauthor. |
|
| 245 | 1 | 0 |
_aUrban planning analysis : _bmethods and models / _cDonald A. Krueckeberg, associate professor of urban planning and policy development, Rutgers University, Arthur L. Silvers, urban and regional economist, Latin American Program in Brazil Resources for the Future, Inc. |
| 264 | 1 |
_aNew York : _bJohn Wiley & Sons, Inc., _c[1974] |
|
| 264 | 4 | _cc1974 | |
| 300 |
_axxi, 486 pages : _billustrations ; _c24 cm |
||
| 336 |
_atext _2rdacontent _btxt |
||
| 337 |
_aunmediated _2rdamedia _bn |
||
| 338 |
_avolume _2rdacarrier _bnc |
||
| 500 | _aIncludes appendices. | ||
| 504 | _aIncludes bibliographical references and index. | ||
| 650 | 7 |
_aCities and towns _xPlanning _xMathematical models. _2BUEsh |
|
| 650 | 7 |
_aSocial policy. _2BUEsh |
|
| 653 |
_bHHUUEENN _cSeptember2020 |
||
| 655 |
_vReading book _934232 |
||
| 700 | 1 |
_aSilvers, Arthur Leon, _eauthor. |
|
| 942 |
_2ddc _cBB |
||